000 00494nam a2200169Ia 4500
008 240729s9999 xx 000 0 und d
022 _a1179-0695
245 0 _aJournal of Experimental Neuroscience
260 _aUnited Kingdom
260 _bSAGE Publishing
650 _a Internal medicine
650 _a Neurosciences. Biological psychiatry. Neuropsychiatry
650 _aMedicine
856 _uhttps://doaj.org/toc/a90b21c28f624c658fc37a6643581b58
942 _2ddc
942 _cDOAJEJ
999 _c67693
_d67693
945 _a1
_bMadushi Gamage
_c1
_dMadushi Gamage